<?xml version="1.0" encoding="UTF-8"?><?xml-stylesheet type="text/xsl" href="static/style.xsl"?><OAI-PMH xmlns="http://www.openarchives.org/OAI/2.0/" xmlns:xsi="http://www.w3.org/2001/XMLSchema-instance" xsi:schemaLocation="http://www.openarchives.org/OAI/2.0/ http://www.openarchives.org/OAI/2.0/OAI-PMH.xsd"><responseDate>2026-04-28T12:43:59Z</responseDate><request verb="GetRecord" identifier="oai:riubu.ubu.es:10259/6118" metadataPrefix="marc">https://riubu.ubu.es/oai/request</request><GetRecord><record><header><identifier>oai:riubu.ubu.es:10259/6118</identifier><datestamp>2025-02-14T12:56:29Z</datestamp><setSpec>com_10259_3844</setSpec><setSpec>com_10259_5086</setSpec><setSpec>com_10259_2604</setSpec><setSpec>col_10259_3845</setSpec></header><metadata><record xmlns="http://www.loc.gov/MARC21/slim" xmlns:doc="http://www.lyncode.com/xoai" xmlns:xsi="http://www.w3.org/2001/XMLSchema-instance" xmlns:dcterms="http://purl.org/dc/terms/" xsi:schemaLocation="http://www.loc.gov/MARC21/slim http://www.loc.gov/standards/marcxml/schema/MARC21slim.xsd">
<leader>00925njm 22002777a 4500</leader>
<datafield tag="042" ind1=" " ind2=" ">
<subfield code="a">dc</subfield>
</datafield>
<datafield tag="720" ind1=" " ind2=" ">
<subfield code="a">Olmo Alonso, Fabiola</subfield>
<subfield code="e">author</subfield>
</datafield>
<datafield tag="720" ind1=" " ind2=" ">
<subfield code="a">Rodríguez Rubio, Andrea</subfield>
<subfield code="e">author</subfield>
</datafield>
<datafield tag="720" ind1=" " ind2=" ">
<subfield code="a">Colina Santamaría, Álvaro</subfield>
<subfield code="e">author</subfield>
</datafield>
<datafield tag="720" ind1=" " ind2=" ">
<subfield code="a">Heras Vidaurre, Aránzazu</subfield>
<subfield code="e">author</subfield>
</datafield>
<datafield tag="260" ind1=" " ind2=" ">
<subfield code="c">2021-08</subfield>
</datafield>
<datafield tag="520" ind1=" " ind2=" ">
<subfield code="a">UV/Vis absorption spectroelectrochemistry is a very promising analytical technique due to the complementary information&#xd;
that is simultaneously obtained from electrochemistry and spectroscopy. In this work, this technique is used in a parallel&#xd;
configuration to study the oxidation of folic acid in alkaline medium. Herein, UV/Vis absorption spectroelectrochemistry&#xd;
has been used to detect both the oxidation products and the folic acid consumed at the electrode/solution interface, allowing&#xd;
us to develop an analytical protocol to quantify vitamin B9 in pharmaceutical tablets. Linear ranges of three orders of&#xd;
magnitude have been achieved in basic medium (pH = 12.9), obtaining high repeatability and low detection limits. The&#xd;
spectroelectrochemical determination of folic acid in pharmaceutical tablets at alkaline pH values is particularly interesting&#xd;
because of the changes that occur in the optical signal during the electrochemical oxidation of FA, providing results with&#xd;
very good figures of merit and demonstrating the utility and versatility of this hyphenated technique, UV/Vis absorption&#xd;
spectroelectrochemistry.</subfield>
</datafield>
<datafield tag="024" ind2=" " ind1="8">
<subfield code="a">1433-0768</subfield>
</datafield>
<datafield tag="024" ind2=" " ind1="8">
<subfield code="a">http://hdl.handle.net/10259/6118</subfield>
</datafield>
<datafield tag="024" ind2=" " ind1="8">
<subfield code="a">10.1007/s10008-021-05026-5</subfield>
</datafield>
<datafield ind1=" " ind2=" " tag="653">
<subfield code="a">Vitamin B9</subfield>
</datafield>
<datafield ind1=" " ind2=" " tag="653">
<subfield code="a">Pharmaceutical drug</subfield>
</datafield>
<datafield ind1=" " ind2=" " tag="653">
<subfield code="a">Electrochemistry</subfield>
</datafield>
<datafield ind1=" " ind2=" " tag="653">
<subfield code="a">UV/Vis absorption spectroscopy</subfield>
</datafield>
<datafield tag="245" ind1="0" ind2="0">
<subfield code="a">UV/Vis absorption spectroelectrochemistry of folic acid</subfield>
</datafield>
</record></metadata></record></GetRecord></OAI-PMH>